[Event "Mittelfränkischer Schachkongress 2016"]
[Site "Nürnberg"]
[Date "2016.03.24"]
[Round "4.13"]
[White "Homfeldt, Claudia Laura"]
[Black "Chowdhury, Sandip"]
[Result "0-1"]
[WhiteElo "1549"]
[BlackElo "1593"]
[PlyCount "124"]
[EventDate "2016.??.??"]
[WhiteTeam "SC Noris-Tarrasch Nürnberg"]
[BlackTeam "SC Noris-Tarrasch Nürnberg"]

1. e4 c5 2. Nc3 a6 3. d3 Nc6 4. Nf3 g6 5. Be3 d6 6. Qd2 b5 7. Be2 Bg7 8. O-O b4
9. Na4 Bd7 10. c3 Qa5 11. Bd1 Ne5 12. cxb4 Nxf3+ 13. gxf3 Qxb4 14. Qxb4 cxb4
15. Nb6 Rb8 16. Nxd7 Kxd7 17. Rb1 Bh6 18. f4 Nf6 19. e5 Nd5 20. Bg4+ e6 21. Bd4
Bxf4 22. exd6 Rhc8 23. Bf3 Kxd6 24. Ba7 Rb7 25. Be3 Rbc7 26. Bxd5 Bxe3 27. Bxe6
Bxf2+ 28. Rxf2 Rc1+ 29. Rxc1 Rxc1+ 30. Kg2 Kxe6 31. Rd2 Kd5 32. Kf3 g5 33. Ke3
f5 34. Rg2 h6 35. Kd2 Rc6 36. h3 Re6 37. Rf2 f4 38. h4 Ke5 39. b3 Rd6 40. hxg5
hxg5 41. Rg2 Kf5 42. Rf2 g4 43. Rf1 Rh6 44. Ke1 Rh2 45. d4 Rxa2 46. d5 Ra1+ 47.
Ke2 Rxf1 48. Kxf1 Ke5 49. Ke2 Kxd5 50. Kd3 g3 51. Ke2 Kd4 52. Kf3 Kc3 53. Kg2
Kxb3 54. Kf1 Kc2 55. Kg2 b3 56. Kf3 b2 57. Kg2 b1=Q 58. Kf3 Qd1+ 59. Kg2 Qe2+
60. Kh3 g2 61. Kh4 g1=Q 62. Kh3 Qeh2# 0-1

[Event "Mittelfränkischer Schachkongress 2016"]
[Site "Nürnberg"]
[Date "2016.03.24"]
[Round "4.14"]
[White "Homfeldt, Maren"]
[Black "Nam, Siwon"]
[Result "0-1"]
[WhiteElo "1306"]
[BlackElo "964"]
[PlyCount "102"]
[EventDate "2016.??.??"]
[WhiteTeam "SC Noris-Tarrasch Nürnberg"]
[BlackTeam "SC Noris-Tarrasch Nürnberg"]

1. g3 e5 2. Bg2 d5 3. e3 Nf6 4. h3 Nc6 5. a3 Bc5 6. d3 O-O 7. Ne2 Bf5 8. b3 Qe7
9. Bb2 Rad8 10. Nd2 h6 11. d4 exd4 12. Nxd4 Bxd4 13. Bxd4 Nxd4 14. Ra2 Rfe8 15.
c3 Nc6 16. b4 d4 17. cxd4 Nxd4 18. Bxb7 Be6 19. Rb2 Bd5 20. Bxd5 Nxd5 21. O-O
Nb5 22. Rb3 Qe6 23. a4 Nbc3 24. Qc2 Nxa4 25. Ra3 Nab6 26. Rxa7 Qxh3 27. Rb1 h5
28. Nc4 h4 29. Nxb6 cxb6 30. e4 Nf6 31. Qb3 Rf8 32. e5 Ne4 33. e6 Qxe6 34. Qxe6
fxe6 35. Rb2 hxg3 36. fxg3 Nxg3 37. Kg2 Nh5 38. Re7 Rf6 39. Rc2 Kf8 40. Rb7 g5
41. Rxb6 g4 42. b5 g3 43. Rb2 Rg6 44. Kh3 Nf4+ 45. Kh4 Ke7 46. Rb7+ Kf6 47. Rh7
g2 48. Rb1 g1=Q 49. Rxg1 Rxg1 50. Rh6+ Ng6+ 51. Kh5 Rd5# 0-1

[Event "Mittelfränkischer Schachkongress 2016"]
[Site "Nürnberg"]
[Date "2016.03.25"]
[Round "5.1"]
[White "Kotitschke, Karlheinz"]
[Black "Birkmann, Günther"]
[Result "1/2-1/2"]
[WhiteElo "1802"]
[BlackElo "2010"]
[PlyCount "68"]
[EventDate "2016.??.??"]
[WhiteTeam "SK Rothenburg"]
[BlackTeam "SK Zirndorf"]

1. d4 d5 2. e4 c6 3. exd5 cxd5 4. Bd3 Nc6 5. c3 Nf6 6. Bf4 Qb6 7. Qb3 Qxb3 8.
axb3 Bd7 9. Nd2 e6 10. h3 Be7 11. Ngf3 O-O 12. O-O Rfc8 13. b4 b6 14. Ba6 Rf8
15. Bb7 Rae8 16. Bxc6 Bxc6 17. Rxa7 Nd7 18. Ne5 Nxe5 19. Bxe5 f6 20. Bc7 Rf7
21. Bxb6 Bd8 22. Bc5 Rxa7 23. Bxa7 e5 24. Re1 e4 25. Bc5 f5 26. f4 g5 27. Bd6
Bf6 28. g3 Ra8 29. Nf1 Kf7 30. Ne3 Ke6 31. Be5 Be7 32. Rf1 Bb5 33. Rf2 Ra1+ 34.
Kg2 Re1 1/2-1/2

[Event "Mittelfränkischer Schachkongress 2016"]
[Site "Nürnberg"]
[Date "2016.03.25"]
[Round "5.2"]
[White "Wawor, Gerhard"]
[Black "Konsek, Peter"]
[Result "1-0"]
[WhiteElo "1940"]
[BlackElo "2085"]
[PlyCount "73"]
[EventDate "2016.??.??"]
[WhiteTeam "SK Nürnberg"]
[BlackTeam "SW Nürnberg Süd"]

1. d4 f5 2. Bg5 g6 3. Nc3 Bg7 4. h4 h6 5. Bf4 Nf6 6. e3 d6 7. Qf3 c6 8. Qg3 Kf7
9. Bc4+ d5 10. Be2 Nbd7 11. Nh3 b5 12. Bc7 Qg8 13. f3 Nf8 14. O-O-O Ne6 15. Be5
a5 16. Bd3 Nh5 17. Qh2 Bxe5 18. dxe5 Nc5 19. Be2 b4 20. Nxd5 cxd5 21. Rxd5 Ne6
22. g4 Nhg7 23. h5 gxh5 24. gxf5 Nxf5 25. Rg1 Ng5 26. f4 Nxe3 27. Bxh5+ Kg7 28.
Rd3 Bxh3 29. fxg5 Qc4 30. gxh6+ Kf8 31. Rxe3 Bf5 32. Bd1 Rd8 33. Rf3 e6 34. Qg2
Ke8 35. Rf2 Qxa2 36. Bh5+ Kd7 37. Qb7# 1-0

[Event "Mittelfränkischer Schachkongress 2016"]
[Site "Nürnberg"]
[Date "2016.03.25"]
[Round "5.3"]
[White "Diebel, Günter"]
[Black "Weißmann, Peter"]
[Result "1-0"]
[WhiteElo "1819"]
[BlackElo "1801"]
[PlyCount "105"]
[EventDate "2016.??.??"]
[WhiteTeam "SW Nürnberg Süd"]
[BlackTeam "SK Zirndorf"]

1. e4 e5 2. Nf3 f5 3. Nc3 fxe4 4. Nxe4 d5 5. Nc3 e4 6. Nd4 Nf6 7. d3 Bb4 8. Bd2
Bxc3 9. Bxc3 O-O 10. Be2 c5 11. Nb3 d4 12. Bd2 exd3 13. cxd3 Qe7 14. O-O b6 15.
Bf3 Bb7 16. Re1 Qd7 17. Bxb7 Qxb7 18. Bg5 Nbd7 19. Re7 Nd5 20. Re2 h6 21. Bd2
Rae8 22. Rxe8 Rxe8 23. Qh5 N7f6 24. Qg6 Qf7 25. Qxf7+ Kxf7 26. a4 a5 27. Kf1
Nh5 28. g3 g5 29. Rc1 Re5 30. Bxa5 bxa5 31. Rxc5 Rf5 32. Rxa5 Ne3+ 33. Ke2 Rxa5
34. Nxa5 Nd5 35. Nc6 Ke6 36. Nxd4+ Ke5 37. Nc2 Nhf6 38. b4 Nc3+ 39. Ke3 Nfd5+
40. Kf3 Nxa4 41. d4+ Kd6 42. Kg4 Ne7 43. Ne3 Ke6 44. b5 Nb6 45. Kh5 Nf5 46.
Nxf5 Kxf5 47. f3 Nd5 48. h3 Nb6 49. Kxh6 Nd7 50. Kg7 Nb6 51. h4 gxh4 52. gxh4
Nd5 53. h5 1-0

[Event "Mittelfränkischer Schachkongress 2016"]
[Site "Nürnberg"]
[Date "2016.03.25"]
[Round "5.4"]
[White "Süß, Helmut"]
[Black "Petrashov, Alexander"]
[Result "0-1"]
[WhiteElo "1944"]
[BlackElo "1727"]
[PlyCount "78"]
[EventDate "2016.??.??"]
[WhiteTeam "SC Noris-Tarrasch Nürnberg"]
[BlackTeam "SC Noris-Tarrasch Nürnberg"]

1. d4 e6 2. c4 d5 3. Nc3 Nf6 4. Bg5 c6 5. e3 Bb4 6. cxd5 Qa5 7. Bxf6 Bxc3+ 8.
bxc3 Qxc3+ 9. Ke2 gxf6 10. dxc6 Qb2+ 11. Ke1 Nxc6 12. Qc1 Qb4+ 13. Qd2 Bd7 14.
Bd3 Qxd2+ 15. Kxd2 Ke7 16. Rb1 b6 17. h4 Rhg8 18. g3 f5 19. Ne2 Rac8 20. Rhc1
Na5 21. Ba6 Rxc1 22. Rxc1 Bc6 23. Nc3 Rd8 24. Ke2 Rd7 25. f4 Kd8 26. Kd2 Bb7
27. Bd3 a6 28. Na4 Rd6 29. Rb1 Kc7 30. Rc1+ Rc6 31. Rxc6+ Bxc6 32. Nc3 b5 33.
a3 Kd6 34. Kc2 Bd5 35. e4 fxe4 36. Nxe4+ Bxe4 37. Bxe4 f5 38. Bd3 Kd5 39. Kc3
Nc6 0-1

[Event "Mittelfränkischer Schachkongress 2016"]
[Site "Nürnberg"]
[Date "2016.03.25"]
[Round "5.5"]
[White "Rummel, Gerald"]
[Black "Burger, Thomas"]
[Result "1-0"]
[WhiteElo "1740"]
[BlackElo "1814"]
[PlyCount "96"]
[EventDate "2016.??.??"]
[WhiteTeam "SC Anderssen"]
[BlackTeam "Wolframs-Eschenbach"]

1. Nf3 d5 2. c4 e6 3. b3 Nf6 4. Bb2 Be7 5. g3 b6 6. Bg2 Bb7 7. O-O O-O 8. d4 c5
9. cxd5 Nxd5 10. dxc5 Bxc5 11. Nbd2 Nf6 12. Qc2 Na6 13. Rac1 Rc8 14. Qb1 Qe7
15. Ng5 Bxf2+ 16. Rxf2 Rxc1+ 17. Bxc1 Bxg2 18. Kxg2 h6 19. Rxf6 hxg5 20. Rf1
Nc7 21. Ne4 f6 22. Qd3 Rd8 23. Ba3 Rxd3 24. Bxe7 Re3 25. Nd6 Rxe2+ 26. Rf2 Re1
27. Nc8 Kf7 28. Bd6 Rc1 29. Nxa7 Nd5 30. Re2 e5 31. Ba3 Rd1 32. Nb5 Ke6 33. Bb2
Rd3 34. Kf2 g4 35. Ke1 Kf5 36. Nd6+ Ke6 37. Nc4 b5 38. Nd2 Nb4 39. Ne4 Rd5 40.
Nc3 Rc5 41. Rd2 f5 42. a3 Nc6 43. b4 Rc4 44. Nxb5 Re4+ 45. Kf2 Nd4 46. Bxd4
exd4 47. Rxd4 Re5 48. Nc3 g5 1-0

[Event "Mittelfränkischer Schachkongress 2016"]
[Site "Nürnberg"]
[Date "2016.03.25"]
[Round "5.6"]
[White "Faralisz, Patrick"]
[Black "Babichev, Vyacheslav"]
[Result "1-0"]
[WhiteElo "1675"]
[BlackElo "1818"]
[PlyCount "53"]
[EventDate "2016.??.??"]
[WhiteTeam "SC Noris-Tarrasch Nürnberg"]
[BlackTeam "SW Nürnberg Süd"]

1. e4 e5 2. Nf3 Nc6 3. Bc4 Bc5 4. c3 Qe7 5. d3 Nf6 6. O-O d6 7. a4 O-O 8. b4
Nxb4 9. cxb4 Bxb4 10. Qb3 c5 11. Nc3 Be6 12. Bg5 h6 13. Bh4 Bxc4 14. Qxc4 Qe6
15. Bxf6 Qxc4 16. dxc4 gxf6 17. Nd5 Ba5 18. Rab1 b6 19. Nh4 Kg7 20. Nf5+ Kg6
21. Rb3 Kh7 22. Rh3 Bd2 23. f4 Bxf4 24. Nxf4 exf4 25. Rxh6+ Kg8 26. Rxf4 Rfd8
27. Rg4+ 1-0

[Event "Mittelfränkischer Schachkongress 2016"]
[Site "Nürnberg"]
[Date "2016.03.25"]
[Round "5.7"]
[White "Diller, Peter"]
[Black "Müller, Ludwig"]
[Result "1-0"]
[WhiteElo "1999"]
[BlackElo "1843"]
[PlyCount "103"]
[EventDate "2016.??.??"]
[WhiteTeam "SK Rothenburg"]
[BlackTeam "SGem Nürnberg"]

1. e4 b6 2. d4 Bb7 3. Bd3 e6 4. Be3 Nf6 5. Nd2 c5 6. c3 cxd4 7. cxd4 Bb4 8. f3
Ba6 9. Qb3 Bxd2+ 10. Bxd2 Bxd3 11. Qxd3 Nc6 12. Ne2 O-O 13. Bg5 h6 14. Bh4 g5
15. Bf2 d6 16. O-O Rc8 17. Rac1 Qd7 18. h3 e5 19. Rfd1 Nxd4 20. Bxd4 Rxc1 21.
Rxc1 exd4 22. Nxd4 Rd8 23. Nf5 h5 24. Qd2 Nh7 25. Rd1 f6 26. Qxd6 Qxd6 27. Rxd6
Rxd6 28. Nxd6 a6 29. Kf2 Nf8 30. Ke3 Nd7 31. Kd4 Kf8 32. b4 h4 33. Kd5 Ne5 34.
Nc4 Nd3 35. Nxb6 Nxb4+ 36. Ke6 Nxa2 37. Kxf6 a5 38. Na4 Nb4 39. Kxg5 Nd3 40.
Kxh4 Nf4 41. g3 Ng6+ 42. Kg5 Kf7 43. f4 Ne7 44. f5 Nc6 45. Kf4 Nd4 46. g4 Ne2+
47. Ke3 Ng1 48. h4 Nh3 49. g5 Kg7 50. e5 Kf7 51. Nc5 Ke8 52. f6 1-0

[Event "Mittelfränkischer Schachkongress 2016"]
[Site "Nürnberg"]
[Date "2016.03.25"]
[Round "5.8"]
[White "Pechan, Willi"]
[Black "Dreiseitel, Werner"]
[Result "0-1"]
[WhiteElo "1737"]
[BlackElo "1583"]
[PlyCount "87"]
[EventDate "2016.??.??"]
[WhiteTeam "SK Schwabach"]
[BlackTeam "SGem Fürth"]

1. e4 c6 2. d4 d5 3. exd5 cxd5 4. Bd3 Nf6 5. Nf3 Bg4 6. O-O e6 7. Bg5 Be7 8.
Nbd2 Nbd7 9. c3 Qc7 10. Qc2 Rc8 11. Rfe1 Bxf3 12. Nxf3 O-O 13. Bxh7+ Nxh7 14.
Bxe7 Rfe8 15. Bh4 Qf4 16. Bg3 Qf6 17. Qd2 Qg6 18. Re2 Nhf6 19. Ne5 Nxe5 20.
Bxe5 Ne4 21. Qc2 f5 22. Rae1 Kf7 23. Qa4 Ng5 24. Kh1 Ra8 25. f3 a6 26. Qd7+ Re7
27. Qd6 Ke8 28. Qb6 Qf7 29. Bf4 Nh7 30. Rxe6 Rxe6 31. Rxe6+ Kf8 32. Qd6+ Kg8
33. Be5 Re8 34. Rxe8+ Qxe8 35. Qxd5+ Kh8 36. Qxb7 Qg8 37. Qb8 Nf8 38. Bd6 Qe6
39. Qxf8+ Kh7 40. Be5 Qg6 41. f4 Qg4 42. Qxg7+ Qxg7 43. Bxg7 Kxg7 44. Kg1 0-1

[Event "Mittelfränkischer Schachkongress 2016"]
[Site "Nürnberg"]
[Date "2016.03.25"]
[Round "5.9"]
[White "Llugiq, Bajram"]
[Black "Münzenberg, Dietrich"]
[Result "1-0"]
[WhiteElo "1668"]
[BlackElo "1692"]
[PlyCount "137"]
[EventDate "2016.??.??"]
[WhiteTeam "SW Nürnberg Süd"]
[BlackTeam "Zabo-Eintracht Nürnberg"]

1. d4 e6 2. c4 f5 3. Nc3 d5 4. Bf4 c6 5. e3 Nf6 6. Bd3 Bb4 7. Nge2 O-O 8. O-O
Bd6 9. cxd5 exd5 10. Qc2 Ne4 11. Be5 Qe7 12. f4 Nd7 13. Qb3 Bxe5 14. fxe5 Nd2
15. Qc2 Nxf1 16. Rxf1 g6 17. Nf4 Nb6 18. a3 Bd7 19. Qd2 Rae8 20. Re1 Qh4 21. g3
Qh6 22. Rf1 Kh8 23. b4 a6 24. a4 g5 25. Ng2 Be6 26. a5 Na8 27. Na4 Nc7 28. Nc5
Bc8 29. Qc2 f4 30. exf4 gxf4 31. Nxf4 Ne6 32. Ncxe6 Bxe6 33. Qd2 Kg8 34. Qc2
Re7 35. Rf2 Bc8 36. Bf1 Ref7 37. Bg2 Bf5 38. Qe2 Be6 39. Qd3 Re7 40. Qc2 Qg5
41. Qd2 Bg4 42. Qe3 Qf5 43. Nd3 Qg6 44. Rb2 h6 45. h3 Bf5 46. Nf4 Qg5 47. h4
Qg7 48. Re2 Kh7 49. Kh2 Bg4 50. Rd2 Qf7 51. Rf2 Qg8 52. Bh3 Bxh3 53. Kxh3 Qf7
54. Kh2 Qf5 55. Nd3 Qc8 56. Nf4 Qg4 57. Qd3+ Qf5 58. Qxf5+ Rxf5 59. g4 Rf8 60.
Kg3 Ref7 61. g5 hxg5 62. hxg5 Kg7 63. Ne6+ Kg8 64. Nxf8 Rxf2 65. Kxf2 Kxf8 66.
Kf3 Kf7 67. Kf4 Ke6 68. g6 c5 69. bxc5 1-0

[Event "Mittelfränkischer Schachkongress 2016"]
[Site "Nürnberg"]
[Date "2016.03.25"]
[Round "5.10"]
[White "Chowdhury, Sandip"]
[Black "Hauck, Martin"]
[Result "1-0"]
[WhiteElo "1593"]
[BlackElo "1087"]
[PlyCount "67"]
[EventDate "2016.??.??"]
[WhiteTeam "SC Noris-Tarrasch Nürnberg"]
[BlackTeam "SC Noris-Tarrasch Nürnberg"]

1. e4 e5 2. Nf3 Nc6 3. d4 Bd6 4. Bc4 Nf6 5. dxe5 Nxe5 6. Nxe5 Bxe5 7. f4 Bxb2
8. Bxb2 O-O 9. e5 Qe7 10. O-O Qc5+ 11. Qd4 Qxd4+ 12. Bxd4 Ng4 13. h3 Nh6 14.
Nd2 d6 15. g4 Be6 16. Bd3 c5 17. Be3 f5 18. g5 Nf7 19. exd6 b6 20. Bc4 Bd7 21.
Nf3 Kh8 22. Bxf7 Bb5 23. Rfb1 Rxf7 24. Rxb5 h6 25. Ne5 Rff8 26. Ng6+ Kh7 27.
Nxf8+ Rxf8 28. d7 Rd8 29. Rd1 hxg5 30. fxg5 Kg6 31. h4 Kh5 32. Bf2 Kg4 33. Rb3
c4 34. Re3 1-0

[Event "Mittelfränkischer Schachkongress 2016"]
[Site "Nürnberg"]
[Date "2016.03.25"]
[Round "5.11"]
[White "Grasser, Stefan"]
[Black "Dreiseitel, Ursula"]
[Result "1-0"]
[WhiteElo "1767"]
[BlackElo "1487"]
[PlyCount "139"]
[EventDate "2016.??.??"]
[WhiteTeam "Zabo-Eintracht Nürnberg"]
[BlackTeam "SGem Fürth"]

1. c4 Nf6 2. Nc3 g6 3. g3 Bg7 4. Bg2 O-O 5. e4 c5 6. Nge2 Nc6 7. O-O d6 8. d3
Bd7 9. h3 Rb8 10. Rb1 a6 11. a4 Na7 12. Be3 b5 13. cxb5 axb5 14. axb5 Nxb5 15.
d4 cxd4 16. Nxd4 Nxc3 17. bxc3 Qc7 18. Qd2 Rfc8 19. Ne2 Bb5 20. Rfc1 Bxe2 21.
Rxb8 Qxb8 22. Qxe2 Nd7 23. c4 Qb4 24. Bf1 Nc5 25. Bd2 Qb2 26. Re1 Nb3 27. Be3
Qxe2 28. Bxe2 Bc3 29. Rb1 Nd2 30. Rb7 Nxc4 31. Bh6 Na5 32. Rxe7 Bg7 33. Bg4 Nc6
34. Rb7 Rb8 35. Rxb8+ Nxb8 36. Be3 h5 37. Be2 Nd7 38. f3 f6 39. Kf2 f5 40. exf5
gxf5 41. f4 Nf6 42. Kf3 Kh7 43. Bd3 Kg6 44. Bf2 d5 45. Bd4 Ne4 46. Be3 Bc3 47.
g4 hxg4+ 48. hxg4 fxg4+ 49. Kxg4 Kf6 50. Bb6 Bb2 51. Bd8+ Kf7 52. Bc2 Bf6 53.
Bc7 Ke6 54. f5+ Kd7 55. Bb6 Kd6 56. Kh5 Kc6 57. Bg1 Be5 58. Kg6 Bf6 59. Bh2 Kc5
60. Bxe4 Bd4 61. Bd3 Kc6 62. Kf7 Kc5 63. Ke6 Kc6 64. Be5 Be3 65. Bg7 Bg5 66.
Bf8 Bd8 67. Be7 Bb6 68. f6 Be3 69. Kf5 Kd7 70. Bb5+ 1-0

[Event "Mittelfränkischer Schachkongress 2016"]
[Site "Nürnberg"]
[Date "2016.03.25"]
[Round "5.12"]
[White "Meyer, Robert"]
[Black "Nam, Siwon"]
[Result "1-0"]
[WhiteElo "1611"]
[BlackElo "964"]
[PlyCount "45"]
[EventDate "2016.??.??"]
[WhiteTeam "SC Stein"]
[BlackTeam "SC Noris-Tarrasch Nürnberg"]

1. d4 d5 2. g3 Nc6 3. Bg2 Nf6 4. Nf3 Bf5 5. c3 e6 6. Nbd2 Bd6 7. O-O Qe7 8. b4
O-O-O 9. Nb3 e5 10. Nh4 Bg6 11. Bh3+ Kb8 12. Nf5 Qe6 13. Nxd6 Qxd6 14. a4 exd4
15. Nxd4 Nxd4 16. Qxd4 Rhe8 17. Be3 b6 18. a5 Re4 19. Qd2 Qe5 20. axb6 axb6 21.
Qa2 Kb7 22. b5 c6 23. Qa7# 1-0

[Event "Mittelfränkischer Schachkongress 2016"]
[Site "Nürnberg"]
[Date "2016.03.25"]
[Round "5.13"]
[White "Meyer, Martin"]
[Black "Homfeldt, Claudia Laura"]
[Result "0-1"]
[WhiteElo "799"]
[BlackElo "1549"]
[PlyCount "122"]
[EventDate "2016.??.??"]
[WhiteTeam "SC Stein"]
[BlackTeam "SC Noris-Tarrasch Nürnberg"]

1. d4 d6 2. e3 Nd7 3. Nf3 Ngf6 4. Nc3 e6 5. Bd3 Be7 6. O-O O-O 7. e4 Re8 8. Qe2
e5 9. Bg5 c6 10. d5 Qc7 11. Nh4 h6 12. Nf5 hxg5 13. Nxe7+ Rxe7 14. Bc4 cxd5 15.
exd5 a6 16. Ne4 g4 17. Bd3 Re8 18. Qe3 Kf8 19. Rac1 Nxe4 20. Qxe4 Nf6 21. Qe3
Nxd5 22. Qe4 Nf6 23. Qe3 e4 24. Be2 Qc5 25. c3 Qxe3 26. fxe3 b5 27. b3 Nd5 28.
Kf2 Re5 29. c4 Rf5+ 30. Kg3 Rxf1 31. Bxf1 Nxe3 32. Be2 Bd7 33. Kf4 Nxg2+ 34.
Kxe4 f5+ 35. Kd5 Ke7 36. Bf1 Ne3+ 37. Kd4 Nxf1 38. Rxf1 bxc4 39. Re1+ Be6 40.
bxc4 Kd7 41. c5 dxc5+ 42. Kxc5 Rc8+ 43. Kb6 Rc6+ 44. Kb7 f4 45. Rd1+ Rd6 46.
Rc1 Ke7 47. Rc7+ Rd7 48. Kc6 Rxc7+ 49. Kxc7 Bxa2 50. Kb6 f3 51. Kxa6 f2 52. Ka5
f1=Q 53. Ka4 Bc4 54. Kb4 Be6 55. Kc3 Qd1 56. h3 Qd5 57. hxg4 Qc4+ 58. Kd2 Qd4+
59. Ke2 Bc4+ 60. Ke1 Qb2 61. g5 Qe2# 0-1

[Event "Mittelfränkischer Schachkongress 2016"]
[Site "Nürnberg"]
[Date "2016.03.25"]
[Round "5.14"]
[White "Friedrich, Michael"]
[Black "Homfeldt, Maren"]
[Result "1-0"]
[WhiteElo "1515"]
[BlackElo "1306"]
[PlyCount "97"]
[EventDate "2016.??.??"]
[WhiteTeam "SC Erlangen"]
[BlackTeam "SC Noris-Tarrasch Nürnberg"]

1. e4 g6 2. d4 Bg7 3. c3 e6 4. Be3 h6 5. Bd3 d6 6. Na3 a6 7. Nc2 Ne7 8. Qd2 Nd7
9. f3 b6 10. Ne2 Bb7 11. O-O Kf8 12. f4 f5 13. Ng3 Nf6 14. exf5 exf5 15. Rae1
Ne4 16. Nxe4 fxe4 17. Be2 Kg8 18. Bg4 Nf5 19. d5 h5 20. Bh3 Qe7 21. Nd4 Qf7 22.
Ne6 Rh7 23. Ng5 Qxd5 24. Qxd5+ Bxd5 25. Nxh7 Kxh7 26. a3 c5 27. g3 Bc4 28. Rf2
d5 29. Rd2 d4 30. Bxf5 gxf5 31. cxd4 Bxd4 32. Bxd4 Rd8 33. Bc3 Rd3 34. Rxd3
Bxd3 35. Kf2 Kg6 36. Ke3 Kf7 37. Rd1 Ke6 38. Rxd3 exd3 39. Kxd3 Kd5 40. b3 b5
41. Be5 a5 42. a4 c4+ 43. bxc4+ bxc4+ 44. Kc3 Kc5 45. Bd4+ Kc6 46. Kxc4 Kb7 47.
Kd5 Kc7 48. Ke6 Kd8 49. Bb6+ 1-0

[Event "Mittelfränkischer Schachkongress 2016"]
[Site "Nürnberg"]
[Date "2016.03.25"]
[Round "6.1"]
[White "Petrashov, Alexander"]
[Black "Wawor, Gerhard"]
[Result "1-0"]
[WhiteElo "1727"]
[BlackElo "1940"]
[PlyCount "41"]
[EventDate "2016.??.??"]
[WhiteTeam "SC Noris-Tarrasch Nürnberg"]
[BlackTeam "SK Nürnberg"]

1. d4 e6 2. c4 Bb4+ 3. Bd2 a5 4. e3 Nf6 5. Nc3 O-O 6. Nf3 d6 7. Bd3 Nc6 8. Qc2
e5 9. a3 Bxc3 10. Bxc3 Qe7 11. d5 Nb8 12. O-O a4 13. Nd2 Nbd7 14. f4 exf4 15.
exf4 Qe3+ 16. Kh1 Ng4 17. Bxh7+ Kh8 18. Ne4 f5 19. Ng5 Ndf6 20. Rf3 Qb6 21.
Bxf5 1-0

[Event "Mittelfränkischer Schachkongress 2016"]
[Site "Nürnberg"]
[Date "2016.03.25"]
[Round "6.2"]
[White "Diebel, Günter"]
[Black "Kotitschke, Karlheinz"]
[Result "0-1"]
[WhiteElo "1819"]
[BlackElo "1802"]
[PlyCount "60"]
[EventDate "2016.??.??"]
[WhiteTeam "SW Nürnberg Süd"]
[BlackTeam "SK Rothenburg"]

1. e4 e6 2. Nf3 d5 3. e5 c5 4. c3 Nc6 5. Bb5 Nh6 6. Bxc6+ bxc6 7. O-O Be7 8. d4
Nf5 9. g4 Nh6 10. Bxh6 gxh6 11. h3 Ba6 12. Re1 Kd7 13. Nh2 Qb6 14. b3 Rhg8 15.
f4 cxd4 16. cxd4 c5 17. dxc5 Bxc5+ 18. Kg2 Bd4 19. Nd2 Bxa1 20. Qxa1 Rac8 21.
Nhf3 Rc2 22. Kg3 Rgc8 23. f5 R8c3 24. fxe6+ fxe6 25. Qd1 Bd3 26. a4 Ke7 27. a5
Qc5 28. b4 Qb5 29. Nd4 Be2+ 30. Kh4 Qd3 0-1

[Event "Mittelfränkischer Schachkongress 2016"]
[Site "Nürnberg"]
[Date "2016.03.25"]
[Round "6.3"]
[White "Konsek, Peter"]
[Black "Birkmann, Günther"]
[Result "1-0"]
[WhiteElo "2085"]
[BlackElo "2010"]
[PlyCount "69"]
[EventDate "2016.??.??"]
[WhiteTeam "SW Nürnberg Süd"]
[BlackTeam "SK Zirndorf"]

1. e4 g6 2. d4 Bg7 3. Nc3 d6 4. f4 e6 5. Nf3 Ne7 6. Bd3 O-O 7. Be3 h6 8. Qd2
Kh7 9. e5 b6 10. Ne4 d5 11. Ng3 Ba6 12. h4 Bxd3 13. Qxd3 Nf5 14. Nxf5 gxf5 15.
g4 Qd7 16. h5 Nc6 17. c3 Ne7 18. Bf2 Kh8 19. g5 Rac8 20. Ke2 c5 21. dxc5 bxc5
22. Bh4 Ng8 23. Nd2 Rfe8 24. Nc4 Bf8 25. gxh6 Qb7 26. Nd6 Bxd6 27. exd6 Qd7 28.
Qg3 f6 29. Qg6 Rf8 30. Rhg1 Rf7 31. h7 Rxh7 32. Bxf6+ Nxf6 33. Qxf6+ Rg7 34. h6
Qb5+ 35. Ke1 1-0

[Event "Mittelfränkischer Schachkongress 2016"]
[Site "Nürnberg"]
[Date "2016.03.25"]
[Round "6.4"]
[White "Faralisz, Patrick"]
[Black "Rummel, Gerald"]
[Result "1-0"]
[WhiteElo "1675"]
[BlackElo "1740"]
[PlyCount "43"]
[EventDate "2016.??.??"]
[WhiteTeam "SC Noris-Tarrasch Nürnberg"]
[BlackTeam "SC Anderssen"]

1. e4 e6 2. d4 d5 3. Nd2 Nf6 4. e5 Nfd7 5. f4 c5 6. c3 Nc6 7. Ndf3 cxd4 8. cxd4
f6 9. Bd3 Bb4+ 10. Bd2 Bxd2+ 11. Qxd2 O-O 12. Ne2 fxe5 13. fxe5 Re8 14. O-O Nf8
15. Qf4 Bd7 16. Ng5 Re7 17. Nf7 Qb6 18. a3 Ng6 19. Qf2 Ree8 20. Bxg6 hxg6 21.
Qh4 Kf8 22. Nh6# 1-0

[Event "Mittelfränkischer Schachkongress 2016"]
[Site "Nürnberg"]
[Date "2016.03.25"]
[Round "6.5"]
[White "Llugiq, Bajram"]
[Black "Diller, Peter"]
[Result "0-1"]
[WhiteElo "1668"]
[BlackElo "1999"]
[PlyCount "94"]
[EventDate "2016.??.??"]
[WhiteTeam "SW Nürnberg Süd"]
[BlackTeam "SK Rothenburg"]

1. d4 e6 2. c4 f5 3. g3 Nf6 4. Bg2 Be7 5. Nf3 O-O 6. O-O c6 7. Nc3 d6 8. Re1
Na6 9. a3 Bd7 10. b4 Nc7 11. Bb2 Qe8 12. Qc2 Rd8 13. e4 f4 14. e5 Ng4 15. h3
Nh6 16. g4 d5 17. c5 Nf7 18. Ne2 Ng5 19. Bc1 Nxf3+ 20. Bxf3 Bg5 21. Kg2 Qe7 22.
Rh1 Be8 23. Nc3 Bg6 24. Qe2 Rf7 25. Qd2 Bh4 26. Ne2 Be4 27. Ng1 Qg5 28. Qe2 Qg6
29. Kh2 Bd3 30. Qd2 Bc4 31. Bb2 b6 32. Bd1 f3 33. Bc2 Qg5 34. Bc1 Qxd2 35. Bxd2
Bxf2 36. Bc3 Nb5 37. Bb2 Bxd4 38. Bxd4 Nxd4 39. Nxf3 Rxf3 40. Bd1 Rf2+ 41. Kg3
Rdf8 42. Re1 g5 43. Re3 Be2 44. h4 Bxd1 45. Rxd1 Ne2+ 46. Kh3 gxh4 47. Kxh4
Rh2+ 0-1

[Event "Mittelfränkischer Schachkongress 2016"]
[Site "Nürnberg"]
[Date "2016.03.25"]
[Round "6.6"]
[White "Weißmann, Peter"]
[Black "Pechan, Willi"]
[Result "1/2-1/2"]
[WhiteElo "1801"]
[BlackElo "1737"]
[PlyCount "45"]
[EventDate "2016.??.??"]
[WhiteTeam "SK Zirndorf"]
[BlackTeam "SK Schwabach"]

1. e4 e6 2. d4 d5 3. exd5 exd5 4. c3 Bf5 5. Bd3 Bxd3 6. Qxd3 c6 7. Nf3 Qe7+ 8.
Kd1 Qd6 9. Re1+ Be7 10. g3 Nd7 11. Bf4 Qg6 12. Qxg6 hxg6 13. Bd6 Kf8 14. Bxe7+
Nxe7 15. Nbd2 Nf6 16. h4 Ng4 17. Ke2 f6 18. Kf1 Kf7 19. Kg2 Nf5 20. Nf1 Rhe8
21. N1h2 Nxh2 22. Nxh2 Nd6 23. Nf1 1/2-1/2

[Event "Mittelfränkischer Schachkongress 2016"]
[Site "Nürnberg"]
[Date "2016.03.25"]
[Round "6.7"]
[White "Burger, Thomas"]
[Black "Süß, Helmut"]
[Result "1/2-1/2"]
[WhiteElo "1814"]
[BlackElo "1944"]
[PlyCount "57"]
[EventDate "2016.??.??"]
[WhiteTeam "Wolframs-Eschenbach"]
[BlackTeam "SC Noris-Tarrasch Nürnberg"]

1. d4 Nf6 2. c4 e6 3. Nc3 Bb4 4. Qc2 b6 5. a3 Bxc3+ 6. Qxc3 Bb7 7. Nf3 d6 8.
Bg5 Nbd7 9. e3 h6 10. Bxf6 Qxf6 11. Be2 O-O 12. O-O a5 13. b4 Ra7 14. b5 Raa8
15. Qd3 Rad8 16. Rfd1 Rfe8 17. Nd2 e5 18. d5 Nc5 19. Ne4 Nxd3 20. Nxf6+ gxf6
21. Bxd3 e4 22. Be2 Bc8 23. h3 Re5 24. Kh2 Kh7 25. g3 Rg8 26. Rg1 h5 27. h4 Bg4
28. Bxg4 Rxg4 29. Kh3 1/2-1/2